Pictures by Letter - E - Statistics

General Stats
  • This quiz has been taken 34,556 times
  • The average score is 12 of 16
Answer Stats
Picture Answer % Correct
Einstein
99%
Emerald
97%
Ellen
92%
Elizabeth
89%
Emu
88%
Element
84%
Easter
81%
England
79%
Electricity
68%
Espresso
68%
Escargot
67%
Eel
66%
Eggnog
65%
Ember
52%
Earwig
46%
Evolution
30%
No matching quizzes found
Score Distribution
Percent of People with Each Score
Percentile by Number Answered
Your Score History
You have not taken this quiz